| 000 | 00661nam a22002057a 4500 | ||
|---|---|---|---|
| 999 |
_c7956 _d7956 |
||
| 003 | OSt | ||
| 005 | 20220809095445.0 | ||
| 008 | 220809b ||||| |||| 00| 0 eng d | ||
| 020 | _a0853694745 | ||
| 040 | _cNLM | ||
| 082 |
_aQY 766 _bb252h 2002 |
||
| 100 |
_aBarnes, Joanne; Linda A. Anderson; J. David Phillipson _916159 |
||
| 245 |
_aHerbal medicines : _ba guide for healthcare professionals |
||
| 250 | _aSecond edition | ||
| 260 |
_aLondon : _bPharmaceutical Press, _c2002 |
||
| 300 |
_axiv, 530 pages ; _c26 cm |
||
| 650 |
_aHerbs -- Therapeutic use -- Encyclopedias. _916160 |
||
| 650 |
_aPharmacognosy -- Encyclopedias _916161 |
||
| 942 |
_2ddc _cBOOK |
||